期刊信息 |
| 索取号 |
B0/PHILOSOPHY
|
| 题名 |
PHILOSOPHY
|
| 作者 |
RENFORD BAMBROUGH
|
| 分册号 |
|
| 分册名 |
|
| 出版地 |
|
| 出版者 |
CAMBRIDGE UNIVERSITY PRESS
|
| 标准刊号 |
0031-8191
|
| 出版频率 |
季刊
|
| 中图法分类 |
B0
|
| 主题词 |
哲学理论
|
| 电子资源 | |
| |
|
| 000 | 00684nas0 2200193 45 | |
| 001 | 0740867763 | |
| 005 | 20070416141212.43 | |
| 011 | @a0031-8191@d$142.00(U.S.1989) | |
| 100 | @a20070416d km y0chiy0120 ea | |
| 101 | 0 | @aeng |
| 200 | 1 | @aPHILOSOPHY@fRENFORD BAMBROUGH |
| 207 | @aPhilosophy is published quarterly in January,April,July and October .The well-established PIP Lecture Series,formerly published separately,has been included in the subscription price to Philosophy since 1982. | |
| 210 | @cCAMBRIDGE UNIVERSITY PRESS | |
| 326 | @a季刊 | |
| 606 | 0 | @a哲学理论 |
| 690 | @aB0@v4 | |
| 701 | 0 | @aRENFORD BAMBROUGH |
| 801 | 0 | @aCN@bPFT@c20070416 |
| 905 | @aTJWY@dB0@ePHILOSOPHY | |
| PHILOSOPHY/RENFORD BAMBROUGH.-Philosophy is published quarterly in January,April,July and October .The well-established PIP Lecture Series,formerly published separately,has been included in the subscription price to Philosophy since 1982.-CAMBRIDGE UNIVERSITY PRESS |
| ISSN 0031-8191:$142.00(U.S.1989) |
| ● |
| 相关链接: |
|
|
|
|